WordPerfect 5.0/5.1

Enregistré dans:
Détails bibliographiques
Auteur principal: Davis, William S.
Format: Livre
Langue:anglais
Publié: Reading Addison-Wesley Publ. Co. 1990
Édition:1. ed.
Collection:Computing Fundamentals
Sujets:
Tags: Ajouter un tag
Pas de tags, Soyez le premier à ajouter un tag!

MARC

LEADER 00000nam a2200000 4500
001 c003939
005 20221206122814.4
020 |a 0-201-52473-2 
041 0 |a eng 
044 |a US 
245 1 0 |a WordPerfect 5.0/5.1  |c William S. Davis 
250 |a 1. ed. 
264 1 |a Reading  |b Addison-Wesley Publ. Co.  |c 1990 
300 |a 158 s. 
490 1 |a Computing Fundamentals 
830 0 |a Computing Fundamentals 
610 2 0 |a WordPerfect 5.0/5.1 
610 2 0 |a spracovanie textov 
610 2 0 |a programy počítačové 
100 1 |a Davis, William S.